Detalles MARC
| 000 -CABECERA |
| campo de control de longitud fija |
00889nam a2200217 a 4500 |
| 001 - NÚMERO DE CONTROL |
| campo de control |
000041101 |
| 005 - FECHA Y HORA DE LA ÚLTIMA TRANSACCIÓN |
| campo de control |
20201002034623.0 |
| 008 - DATOS DE LONGITUD FIJA--INFORMACIÓN GENERAL |
| campo de control de longitud fija |
130724s1992 sp 000 0 spa d |
| 020 ## - NÚMERO INTERNACIONAL ESTÁNDAR DEL LIBRO |
| Número Internacional Estándar del Libro |
8400072847 |
| 040 ## - FUENTE DE LA CATALOGACIÓN |
| Centro catalogador/agencia de origen |
DO-SdBNP |
| Lengua de catalogación |
spa |
| Centro/agencia transcriptor |
BNPHU |
| 245 00 - MENCIÓN DE TÍTULO |
| Título |
Caracterización de materiales : |
| Resto del título |
avances teóricos y experimentales de la metodología de la difracción / |
| Mención de responsabilidad, etc. |
coordinadores Jordi Rius ; J. Francesc Piniella ; Carlos Miravitlles,. |
| 260 ## - PUBLICACIÓN, DISTRIBUCIÓN, ETC. |
| Lugar de publicación, distribución, etc. |
Madrid : |
| Nombre del editor, distribuidor, etc. |
Consejo Superior de Investigaciones Científicas, |
| Fecha de publicación, distribución, etc. |
1992. |
| 300 ## - DESCRIPCIÓN FÍSICA |
| Extensión |
254 p. : |
| Otras características físicas |
il. ; |
| Dimensiones |
22 cm. |
| 490 1# - MENCIÓN DE SERIE |
| Mención de serie |
Textos Universitarios |
| Designación de volumen o secuencia |
21 |
| 504 ## - NOTA DE BIBLIOGRAFÍA, ETC. |
| Nota de bibliografía, etc. |
Bibliografía |
| 700 1# - PUNTO DE ACCESO ADICIONAL--NOMBRE DE PERSONA |
| Nombre de persona |
Rius, Jordi Piniella, |
| Término indicativo de función/relación |
ed. |
| Fechas asociadas al nombre |
1954-) |
| 9 (RLIN) |
67631 |
| 700 1# - PUNTO DE ACCESO ADICIONAL--NOMBRE DE PERSONA |
| Nombre de persona |
J. Francesc, |
| Término indicativo de función/relación |
ed. |
| 9 (RLIN) |
67632 |
| 700 1# - PUNTO DE ACCESO ADICIONAL--NOMBRE DE PERSONA |
| Nombre de persona |
Miravitlles, Carles |
| Fechas asociadas al nombre |
1942- |
| Término indicativo de función/relación |
ed. |
| 9 (RLIN) |
67633 |
| 710 2# - PUNTO DE ACCESO ADICIONAL--NOMBRE DE ENTIDAD CORPORATIVA |
| Nombre de entidad corporativa o nombre de jurisdicción como elemento de entrada |
Consejo Superior de Investigaciones Científicas, |
| 9 (RLIN) |
4786 |
| 830 #0 - PUNTO DE ACCESO ADICIONAL DE SERIE-TÍTULO UNIFORME |
| Título uniforme |
Textos Universitarios |
| Número de parte o sección de la obra |
21 |
| 9 (RLIN) |
67634 |